000 00395nam a2200145Ia 4500
005 20250325032222.0
008 240331s9999 xx 000 0 und d
082 _bMUT
_a894
245 0 _aMutpokku illakiyaththil punaikathaich chuvadukal
260 _aColombo
_bPoobalasingam Pathppagam
300 _a202 p .,
500 _aThamil Ilakkiyathin araivu
700 _aBalasingam.
_eedt
942 _cL
999 _c4053
_d4053